Lépésenként magyarul [Röv. hír.]

Elmentve itt :
Bibliográfiai részletek
Dokumentumtípus: Cikk
Megjelent: 2006-12-07
Sorozat:Délmagyarország 96 No. 286
Kulcsszavak:Hungarológiai Intézet
Online Access:http://dmarchiv.bibl.u-szeged.hu/126953
LEADER 00418nab a2200145 i 4500
001 delm126953
005 20191205132129.0
008 191205s2006 hu o 0|| hun d
040 |a SZTE Délmagyarország Archívum  |b hun 
041 |a hun 
245 0 0 |a Lépésenként magyarul [Röv. hír.]  |h [elektronikus dokumentum] 
260 |c 2006-12-07 
300 |a 11 
490 0 |a Délmagyarország  |v 96 No. 286 
695 |a Hungarológiai Intézet